Những điều cần biết về tổ chức thương mại thế giới và tiến trình gia nhập của Việt Nam
Nội dung của sách gồm một số vấn đề: Hiệp định chung về thuế quan và mậu dịch (GATT); Tổ chức thương mại thế giới - WTO; Quy trình gia nhập của các thành viên vào WTO; Gia nhập WTO và triển vọng của Việt Nam...
Αποθηκεύτηκε σε:
| Μορφή: | Βιβλίο |
|---|---|
| Γλώσσα: | Undetermined |
| Έκδοση: |
Hà Nội
Chính trị Quốc gia
1998
|
| Θέματα: | |
| Ετικέτες: |
Προσθήκη ετικέτας
Δεν υπάρχουν, Καταχωρήστε ετικέτα πρώτοι!
|
| Thư viện lưu trữ: | Trung tâm Học liệu Trường Đại học Cần Thơ |
|---|
| LEADER | 00932nam a2200181Ia 4500 | ||
|---|---|---|---|
| 001 | CTU_27379 | ||
| 008 | 210402s9999 xx 000 0 und d | ||
| 020 | |b 22.000đ | ||
| 082 | |a 382.9 | ||
| 082 | |b Nh556 | ||
| 245 | 0 | |a Những điều cần biết về tổ chức thương mại thế giới và tiến trình gia nhập của Việt Nam | |
| 260 | |a Hà Nội | ||
| 260 | |b Chính trị Quốc gia | ||
| 260 | |c 1998 | ||
| 520 | |a Nội dung của sách gồm một số vấn đề: Hiệp định chung về thuế quan và mậu dịch (GATT); Tổ chức thương mại thế giới - WTO; Quy trình gia nhập của các thành viên vào WTO; Gia nhập WTO và triển vọng của Việt Nam | ||
| 650 | |a AFTA,APEC,GATT,WTO,international cooperation | ||
| 904 | |i Minh, 981217 | ||
| 980 | |a Trung tâm Học liệu Trường Đại học Cần Thơ | ||